ბათუმის შოთა რუსთაველის სახელმწიფო უნივერსიტეტის ბიბლიოთეკა

შრომები = Die Werke = Труды : (ბიბ.ჩანაწერი № 60102)

000 -ლიდერი
ფიქსირებული სიგრძის საკონტროლო ველი 01889nam a22002417a 4500
003 - საკონტროლო ნომრის იდენტიფიკატორი
საკონტროლო ველი Ge_BSU
005 - ბოლო ოპერაციის თარიღი და დრო
საკონტროლო ველი 20230608151444.0
008 - ფიქსირებული სიგრძის მონაცემთა ელემენტები - ზოგადი ინფორმაცია
ფიქსირებული სიგრძის საკონტროლო ველი 230608s2011 ge ||||| |||| 00| 0 geo d
020 ## - წიგნის საერთაშორისო სტანდარტული ნომერი
International Standard Book Number 9789941910586
041 ## - ენის კოდი
Language code of text/sound track or separate title geo
080 ## - უნივერსალური ათობითი კლასიფიკაციის ინდექსი
Universal Decimal Classification number 902.2(479.22) ნ-86
100 ## - მთავარი ჩანაწერი - პიროვნების სახელი
Personal name ნიორაძე, გიორგი
9 (RLIN) 18569
245 ## - ცნობა სათაურის შესახებ
Title შრომები = Die Werke = Труды :
Remainder of title 5 ტომად. ტ. 1, საქართველოს გვიანბრინჯაოს, ანტიკური და შუასაუკუნეების ხანის არქეოლოგიური ძეგლები = Spatbronzezeitliche, antike und mittelalterliche archaologische Fundorte aus Georgien = Археологические памятники позднебронзовой, античной и средневековой эпох Грузии /
Statement of responsibility, etc გიორგი ნიორაძე ; შემდგენელ-რედაქტორი მედეა ნიორაძე ; რედაქტორი ანდრია აფაქიძე ; საქართველოს ეროვნული მუზეუმი.
264 ## - წარმოების, გამოცემის, დისტრიბუციის და სხვა ცნობები
გამოცემის, წარმოების, დისტრიბუციის... ადგილი თბილისი,
გამოცემის, წარმოების, დისტრიბუციის... თარიღი 2011.
300 ## - ფიზიკური აღწერა
Extent 360 გვ. :
Other physical details სურ.
Dimensions 25 სმ.
501 ## - შენიშვნა თანმხლებ მასალაზე
With note საძიებლები: გვ. 344-356.
504 ## - BIBLIOGRAPHY, ETC. NOTE
Bibliography, etc ბიბლიოგრაფია ტექსტის შენიშვნ.
653 ## - INDEX TERM--UNCONTROLLED
Uncontrolled term არქეოლოგიური გათხრები საქართველოში
700 ## - ADDED ENTRY--PERSONAL NAME
Personal name ნიორაძე, მედეა
Relator term შემდგენელი, რედაქტორი.
9 (RLIN) 18570
700 ## - ADDED ENTRY--PERSONAL NAME
Personal name აფაქიძე, ანდრია
Relator term რედაქტორი
9 (RLIN) 5454
710 ## - ADDED ENTRY--CORPORATE NAME
Corporate name or jurisdiction name as entry element საქართველოს ეროვნული მუზეუმი
9 (RLIN) 18577
942 ## - ADDED ENTRY ELEMENTS (KOHA)
Source of classification or shelving scheme
Koha item type წიგნი
ეგზემპლარები
ჩამოწერის სტატუსი დაკარგული ეგზემპლარის სტატუსი კლასიფიკაციის წყარო ან თაროზე გაწყობის სქემა დაზიანების სტატუსი არ გაიცემა მუდმივი მდებარეობა (დაცვის ადგილი) ამჟამინდელი ადგილსამყოფელი თაროზე განთავსების ადგილი შეძენის თარიღი ღირებულება, შესყიდვის ნორმალური ფასი სრული შენახვის შიფრი შტრიხკოდი ბოლო ოპერაციის თარიღი ეგზემპლარის მიმდევრობითი ნომერი (კეტერი?) ფასის ძალაში შესვლის თარიღი ეგზემპლარის სახეობა საჯარო შენიშვნა
          ბათუმის შოთა რუსთაველის სახელმწიფო უნივერსიტეტის მთავარი ბიბლიოთეკა ბათუმის შოთა რუსთაველის სახელმწიფო უნივერსიტეტის მთავარი ბიბლიოთეკა წიგნსაცავი 2023-06-08 8.00 902.2(479.22) ნ-86 64581 2023-06-08 64581 2023-06-08 წიგნი 8 ლ.
          ბათუმის შოთა რუსთაველის სახელმწიფო უნივერსიტეტის მთავარი ბიბლიოთეკა ბათუმის შოთა რუსთაველის სახელმწიფო უნივერსიტეტის მთავარი ბიბლიოთეკა წიგნსაცავი 2023-06-08 8.00 902.2(479.22) ნ-86 64582 2023-06-08 64582 2023-06-08 წიგნი 8 ლ.